000 00546nam a2200157Ia 4500
008 100122s9999 xx 000 0 und d
082 _b55279
_aB925
100 _aबेडेकर चित्रा
245 _aअलेक्झांडर फ्लेमिंग
250 _a0
260 _bलोकवाड.मय गृह प्रकाशन
_c1997
300 _a42
630 _aअलेक्झांडर फ्लेमिंग
730 _aअलेक्झांडर फ्लेमिंग
942 _cBOOK
999 _c431921
_d431918